Organización de una biblioteca escolar, popular o infantil / (Record no. 40709)

MARC details
000 -LEADER
campo de control de longitud fija 00839nam a2200253 i 4500
001 - NÚMERO DE CONTROL
campo de control 40709
003 - IDENTIFICADOR DE NÚMERO DE CONTROL
campo de control ES-MaACL
007 - CAMPO FIJO DE DESCRIPCIÓN FÍSICA--INFORMACIÓN GENERAL
campo de control de longitud fija t|
008 - DATOS DE LONGITUD FIJA--INFORMACIÓN GENERAL
campo de control de longitud fija 030306s1985 sp ||||1| spa d
020 ## - NÚMERO INTERNACIONAL ESTÁNDAR DEL LIBRO
Número Internacional Estándar del Libro 84-7509-348-1
100 1# - ENTRADA PRINCIPAL--NOMBRE DE PERSONA
Nombre de persona Carreras, Concepció.
9 (RLIN) 35652
245 10 - MENCIÓN DEL TÍTULO
Título Organización de una biblioteca escolar, popular o infantil /
Mención de responsabilidad, etc. Concepció Carreras, Concepció Martínez, Teresa Rovira.
250 ## - MENCION DE EDICION
Mención de edición 1ª ed. castellana.
260 ## - PUBLICACIÓN, DISTRIBUCIÓN, ETC.
Lugar de publicación, distribución, etc. Barcelona :
Nombre del editor, distribuidor, etc. Paidós,
Fecha de publicación, distribución, etc. 1985.
300 ## - DESCRIPCIÓN FÍSICA
Extensión 395 p. ;
Dimensiones 22 cm.
490 1# - MENCIÓN DE SERIE
Mención de serie Biblioteca de Pedagogía Paidós. Rosa Sensat ;
Designación de volumen o secuencia 4
500 ## - NOTA GENERAL
Nota general Indice.
504 ## - NOTA DE BIBLIOGRAFÍA, ETC.
Nota de bibliografía, etc. Bibliografía.
700 1# - ENTRADA AGREGADA--NOMBRE PERSONAL
Nombre de persona Martínez, Concepció.
9 (RLIN) 77727
700 1# - ENTRADA AGREGADA--NOMBRE PERSONAL
Nombre de persona Rovira, Teresa.
9 (RLIN) 100140
830 00 - PUNTO DE ACCESO ADICIONAL DE SERIE-TÍTULO UNIFORME
Título uniforme Biblioteca de pedagogía Paidós
Designación de volumen o secuencia 4
9 (RLIN) 229754
852 ## - LOCALIZACIÓN
Ubicación ES-MaACL
Número de control de estantería L-8711
Sublocalización o colección R.109271
Holdings
Estatus retirado Estado de pérdida Estado de daño No para préstamo Biblioteca de origen Biblioteca actual Ubicación en estantería Fecha de adquisición Fuente de adquisición Total de préstamos Signatura topográfica completa Código de barras Visto por última vez Precio de reemplazo Tipo de ítem Koha
        Biblioteca del Ateneo de Madrid Biblioteca del Ateneo de Madrid Depósito 2 17/01/2008     L-8711 1042858 23/02/2023 23/02/2023 Libro impreso